|
|
|
|
| LEADER |
00000nab a2200000 a 4500 |
| 001 |
vtls000411541 |
| 003 |
SK-MaSNL |
| 005 |
20260303134703.0 |
| 008 |
230217c1990 xo 0 slo |
| 015 |
|
|
|a SNBRB19rr/mm-uuuuu
|
| 035 |
|
|
|a CL0411665
|
| 035 |
|
|
|a urn:nbn:sk:snk-ab6s2h
|
| 035 |
|
|
|a (uuid)beb81505-aefb-4603-92b0-d128f156cc25
|
| 035 |
|
|
|a (urnnbn)urn:nbn:sk:snk:ar-a05hm1
|
| 035 |
|
|
|a (sysno)vtls000411541
|
| 040 |
|
|
|a SNKBUCL
|b slo
|c SNKBUCL
|e AACR2
|
| 041 |
0 |
|
|a slo
|
| 044 |
|
|
|a xo
|c SK
|
| 080 |
|
|
|a 330.101(437.6):05:33
|2 1981
|
| 080 |
|
|
|a 05
|2 1981
|
| 080 |
|
|
|a 33
|2 1981
|
| 100 |
1 |
|
|a Komínková, Zora
|4 aut
|9 5453
|
| 245 |
1 |
0 |
|a Úloha Ekonomického časopisu v rozvoji slovenskej ekonomickej vedy na prahu novej epochy
|c Zora Komínková
|
| 650 |
0 |
7 |
|a veda ekonomická
|2 snkbucl
|9 843733
|
| 650 |
0 |
7 |
|a Ekonomický časopis
|2 snkbucl
|9 1155378
|
| 655 |
|
7 |
|a články z novín a časopisov
|2 snkbucl
|9 267496
|
| 773 |
0 |
|
|t Ekonomický časopis
|g Roč. 38, č. 6 (1990), s. 467-478
|
| 850 |
|
|
|a Slovenská národná knižnica v Martine
|a MTA001
|
| 852 |
|
|
|a SNK
|b KIS3GCP
|
| 954 |
|
|
|a odborná, vedecká literatúra pôvodná (slovenská)
|2 lita
|
| 958 |
|
|
|a RK
|
| 958 |
|
|
|a OND
|
| 958 |
|
|
|a EUIPO
|
| 958 |
|
|
|a article27
|
| 992 |
|
|
|a RBX
|
| 999 |
|
|
|c 1961399
|d 1963329
|